000 00472nam a22001457a 4500
999 _c513191
_d513191
008 200129b ||||| |||| 00| 0 eng d
100 _aSwift, Jonathan S.
_915640
245 _aThe long-term effects of UK Defence privatisation: Lessons for India?
260 _bJournal of Defence Studies
300 _a13(4), Oct-Dec, 2019: p.5-27.
650 _aDefence
_915641
773 _aJournal of Defence Studies
906 _aPrivatisation - United Kingdom
942 _2ddc
_cAR